BUENOS CONSEJOS (Registro nro. 68615)

Detalles MARC
000 -CABECERA
campo de control de longitud fija 01125nam a22002177a 4500
003 - IDENTIFICADOR DEL NÚMERO DE CONTROL
campo de control BPGM
008 - DATOS DE LONGITUD FIJA--INFORMACIÓN GENERAL
campo de control de longitud fija 260617s mx dj|||r|||| 001 ||SPA||
040 ## - FUENTE DE LA CATALOGACIÓN
Lengua de catalogación spa
041 ## - CÓDIGO DE LENGUA
Código de lengua del texto/banda sonora o título independiente SPA
Código de lengua original SPA
082 04 - NÚMERO DE LA CLASIFICACIÓN DECIMAL DEWEY
Número de edición PRIMERA EDICIÓN
Número de clasificación 150 / R87
Número de documento/Ítem R87
100 ## - ENTRADA PRINCIPAL--NOMBRE DE PERSONA
Nombre de persona RUSEK, EWA
245 ## - MENCIÓN DE TÍTULO
Título BUENOS CONSEJOS
260 ## - PUBLICACIÓN, DISTRIBUCIÓN, ETC.
Lugar de publicación, distribución, etc. QUERÉTARO, MÉXICO
Nombre del editor, distribuidor, etc. UNIVERSIDAD AUTÓNOMA DE QUERÉTARO
Fecha de publicación, distribución, etc. ABRIL 2002
300 ## - DESCRIPCIÓN FÍSICA
Extensión 173 PÁGINAS;
Dimensiones 21 CM X 13.8 CM
336 ## - TIPO DE CONTENIDO
Fuente rdacontent
Término de tipo de contenido texto
Código de tipo de contenido txt
337 ## - TIPO DE MEDIO
Fuente rdamedia
Nombre/término del tipo de medio sin mediación
Código del tipo de medio n
338 ## - TIPO DE SOPORTE
Fuente rdacarrier
Nombre/término del tipo de soporte volumen
Código del tipo de soporte nc
505 ## - NOTA DE CONTENIDO CON FORMATO
Nota de contenido con formato EL PRESENTE LIBRO PUEDE VERSE COMO UN CONJUNTO DE PROCESOS PRÁCTICOS PARA LOS ESTUDIANTES RESPECTO A CÓMO LEVAR A CABO INVESTIGACIÓN EN EL CAMPO DEL COMPROTAMIENTO HUMANO. EL LIBRO SIGUE EL ORDEN LÓGICO DE CUALQUIER INVESTIGACIÓN, EMPEZANDO CON LA ELECCIÓN DEL TEMA Y TERMINANDO CON LA REDACCIÓN DEL INFORME. SE HACE INCAPIÉ EN ALGUNOS TEMAS, COMO SON EL DISEÑO DEL PROCEDIMIENTO DE INVESTIGACIÓN Y EL ANÁLISIS DE LOS DATOS, MIENTRAS QUE OTROS ASUNTOS ESTÁN TRATADOS DE MANERA MÁS ESCUETA.
650 ## - PUNTO DE ACCESO ADICIONAL DE MATERIA--TÉRMINO DE MATERIA
Término de materia o nombre geográfico como elemento de entrada PSICOLOGÍA
Subdivisión de forma 150
Subdivisión general 100
Subdivisión cronológica 50
Subdivisión geográfica 0
942 ## - ELEMENTOS DE PUNTO DE ACCESO ADICIONAL (KOHA)
Fuente del sistema de clasificación o colocación Dewey Decimal Classification
Tipo de ítem Koha Colección Querétaro
Existencias
Estado de retiro Estado de pérdida Fuente del sistema de clasificación o colocación Estado dañado No para préstamo Código de colección Localización permanente Ubicación/localización actual Ubicación en estantería Fecha de adquisición Fuente de adquisición Información codificada de la localización en otra ubicación Número de inventario Total de préstamos Signatura topográfica completa Fecha visto por última vez Número de copia Precio válido a partir de Tipo de ítem Koha
    Dewey Decimal Classification   Préstamo en Sala Colección General BFC BIBLIOTECA PÚBLICA CENTRAL ESTATAL “FRANCISCO CERVANTES” BIBLIOTECA PÚBLICA CENTRAL ESTATAL “FRANCISCO CERVANTES” ACCESO "A" PLANTA ALTA 06/17/2026 DONACIÓN ACCESO "A" EJ. 1   150 / R87 06/17/2026 EJ. 1 06/17/2026 Colección Querétaro
    Dewey Decimal Classification     Colección General BFC BIBLIOTECA PÚBLICA CENTRAL ESTATAL “FRANCISCO CERVANTES” BIBLIOTECA PÚBLICA CENTRAL ESTATAL “FRANCISCO CERVANTES” ACCESO "A" PLANTA ALTA 06/17/2026 DONACIÓN ACCESO "A" EJ. 2   150 / R87 06/17/2026 EJ. 2 06/17/2026 Colección Querétaro